Responses for Show #2854 - Thursday, January 16, 1997

Paul Gutowski game 5.

Contestants

[<< previous game]

Chris Kahn, a personal trainer from Los Angeles, California

Heidi Shultz, a librarian assistant from Rockford, Illinois

Paul Gutowski, a substance abuse counselor from Rockford, Illinois (whose 4-day cash winnings total $35,500)

[next game >>]

Jeopardy! Round responses

MEDICINAL PLANTS
EXPLORERS
ROCK MUSIC
LAKES
ITALIAN WORDS & PHRASES
OOPS!
(all about mistakes)
    $100 11
Malaria

Paul
    $100 2
War of 1812

Heidi
    $100 1
Elton John

Heidi
    $100 4
Volcanoes

Paul
    $100 8
May

Paul
    $100 15
Whale

Paul
    $200 27
Dill

Heidi
    $200 3
John Glenn

Chris
    $500 5
The Who

Paul
    $200 7
Mississippi River

Chris
    $200 21
(C: What is gold?)

Silver

HeidiChris
    $200 17
Kentucky Derby

Chris
    $300 28
Mustard

Heidi
    $300 13
Amelia Earhart

Paul
    $300 6
Madonna

Heidi
    $300 10
Germany

Chris
    $300 22
Wind

Paul
    $300 18
Diamonds

Heidi
    $400 29
Hops

Paul
    $400 14
Gorilla

Chris
    $400 9
The Eagles

Chris
    $400 23
Finger Lakes

Heidi
    $400 26
Ear Drops

Heidi
    $400 19
(H: What is theft?)

Poaching

HeidiChris
    $500 30
Aloe

Paul
    $500 16
Sir Francis Drake

Paul
    $500 12
"Joy To The World"

Paul
    $500 24
(less than a minute to go in the round....)

Lake Mead

Paul
    $500 25
Dry Cleaners

Heidi
    $500 20
Dropping the A-bomb on Hiroshima

Heidi

Scores at the first commercial break (after clue 14):

Paul Heidi Chris
$1,600 $500 $1,500

Scores at the end of the Jeopardy! Round:

Paul Heidi Chris
$3,900 $2,900 $1,900

Double Jeopardy! Round responses

PRIESTS
U.S. GEOGRAPHY
PLAYS
1995
CHILDREN'S BOOKS & AUTHORS
ADJECTIVES
(think back to those days when you were in school!)
    $200 5
Lama

Paul
    $200 7
Alaska

Paul
    $200 11
"Man of La Mancha"

Heidi
    $200 1
Frog

Heidi
    $200 2
Dr. Seuss

Heidi
    $200 4
Equine

Chris
    $400 6
(Chris: What is Rastafarian?)

Voodoo

HeidiChris
    $400 8
(H: What is Vincennes?)

Fort Wayne

PaulHeidi
    $400 12
"One Flew Over the Cuckoo's Nest"

Chris
    $400 17
Republican

Chris
    $400 3
"Charlotte's Web"

Chris
    $400 24
The Flood

Heidi
    $600 16
Maori

Heidi
    $600 9
(C: What are the Badlands?)

Black Hills

PaulChris
    $600 13
"Cyrano de Bergerac"

Chris
    $600 18
(H: What is tobacco?)
(Alex: be more specific...)
(H: Chewing tobacco?)
(Alex: No.)

Nicotine

PaulHeidi
    $600 14
Raggedy Ann & Raggedy Andy

Paul
    $600 27
Husky

Paul
    $800 19
Druids

Paul
    $800 10
Sierra Nevadas

Chris
    $800 21
Mourning Becomes Electra

Triple Stumper
    $3,200 23
(we have less than a minute to go in the round, Chris)

ANC (African National Congress)

Chris
    $800 26
Amy Tan

Paul
    $800 28
Footloose

Paul
    $1000 20
Brahmans

Chris
    $1,500 15
North Carolina

Paul
    $1000 22
"Born Yesterday"

Triple Stumper
    $1000 25
Princess Stephanie of Monaco

Heidi
    $1000 29
(Heidi: [No response])
[The end-of-round signal sounds.]

dreary

Heidi
Triple Stumper

Scores at the end of the Double Jeopardy! Round:

Paul Heidi Chris
$11,000 $3,900 $7,900

[wagering suggestions for these scores]

Final Jeopardy! Round responses

FOREIGN FILMS
(Alex: Three new players on tomorrow's show - see you then!)
HeidiWhat is Das Boot?
$3,500
ChrisWhat is The Tin Drum
$7,900
PaulWhat is Das Boot (boat)?
$4,801
"Das Boot" ("The Boat")

Final scores:

Paul Heidi Chris
$15,801 $7,400 $0
5-day champion: $51,301 2nd place: Ski trip to Smugglers Notch, Vermont 3rd place: Vivitar Zoom Camera & Binoculars

Game dynamics:

Coryat scores:

Paul Heidi Chris
$10,200 $3,900 $5,500
23 R
(including 2 DDs),
0 W
18 R,
4 W
15 R
(including 1 DD),
3 W

Combined Coryat: $19,600

[game clues] [game scores] [suggest correction]

Game tape date: 1996-11-06
The J! Archive is created by fans, for fans. Scraping, republication, monetization, and malicious use prohibited; this site may use cookies and collect identifying information. See terms. The Jeopardy! game show and all elements thereof, including but not limited to copyright and trademark thereto, are the property of Jeopardy Productions, Inc. and are protected under law. This website is not affiliated with, sponsored by, or operated by Jeopardy Productions, Inc. Join the discussion at JBoard.tv.